000 00358 a2200157 4500
001 59595
020 _a9783126749022
040 _cAnchieta - Pituba
100 _aAndreas, Torsten
240 1 0 _aMax und der Ozeanriese
_lpor
245 1 0 _aMax und der Ozeanriese
300 _a21
362 0 _a2009
650 4 _aLiteratura juvenil em alemão
942 _cBK
999 _c59595
_d59595